The literature of Spanish America (Record no. 69221)
[ view plain ]
| 000 -LEADER | |
|---|---|
| campo de control de longitud fija | 00792nam a2200193 i 4500 |
| 001 - NÚMERO DE CONTROL | |
| campo de control | 69221 |
| 003 - IDENTIFICADOR DE NÚMERO DE CONTROL | |
| campo de control | ES-MaACL |
| 005 - FECHA Y HORA DE LA ÚLTIMA TRANSACCIÓN | |
| campo de control | 20250801090041.0 |
| 007 - CAMPO FIJO DE DESCRIPCIÓN FÍSICA--INFORMACIÓN GENERAL | |
| campo de control de longitud fija | t| |
| 008 - DATOS DE LONGITUD FIJA--INFORMACIÓN GENERAL | |
| campo de control de longitud fija | 040921m19661969xxu ||||1| eng d |
| 245 04 - MENCIÓN DEL TÍTULO | |
| Título | The literature of Spanish America |
| Resto del título | : a critical anthology / |
| Mención de responsabilidad, etc. | edited and annotated by Angel Flores. |
| 260 ## - PUBLICACIÓN, DISTRIBUCIÓN, ETC. | |
| Lugar de publicación, distribución, etc. | New York : |
| Nombre del editor, distribuidor, etc. | Las Américas, |
| Fecha de publicación, distribución, etc. | 1966-1969. |
| 300 ## - DESCRIPCIÓN FÍSICA | |
| Extensión | 4 t. en 3 v. ; |
| Dimensiones | 22 cm. |
| 505 8# - NOTA DE CONTENIDO CON FORMATO | |
| Nota de contenido con formato | Contiene: I. The colonial period. 569 p. -- II. (1825-1885). 576 p. -- III. Part 1: 1885-1910. Modernismo and other trends. 637 p. -- Part 2: 1910-1930. The quest for an authentic utterance. 556 p. |
| 650 07 - PUNTO DE ACCESO ADICIONAL DE MATERIA--TÉRMINO DE MATERIA | |
| Término de materia o nombre geográfico como elemento de entrada | Literatura hispanoamericana |
| Fuente del encabezamiento o término | embne |
| 9 (RLIN) | 14602 |
| 700 1# - ENTRADA AGREGADA--NOMBRE PERSONAL | |
| Nombre de persona | Flores, Angel. |
| 9 (RLIN) | 51251 |
| 852 ## - LOCALIZACIÓN | |
| Ubicación | ES-MaACL |
| Número de control de estantería | L-7631-4 |
| Sublocalización o colección | R.107586 |
| Estatus retirado | Estado de pérdida | Estado de daño | No para préstamo | Biblioteca de origen | Biblioteca actual | Ubicación en estantería | Fecha de adquisición | Fuente de adquisición | Total de préstamos | Signatura topográfica completa | Código de barras | Visto por última vez | Precio de reemplazo | Tipo de ítem Koha |
|---|---|---|---|---|---|---|---|---|---|---|---|---|---|---|
| Biblioteca del Ateneo de Madrid | Biblioteca del Ateneo de Madrid | Depósito 2 | 17/01/2008 | L-7631-4 | 1072486 | 23/02/2023 | 23/02/2023 | Libro impreso |
